书目信息 |
| 题名: |
生化工程
|
|
| 作者: | 伦世仪 主编 | |
| 分册: | ||
| 出版信息: | 北京 中国轻工业出版社 2015.1 |
|
| 页数: | 260页 | |
| 开本: | 26cm | |
| 丛书名: | ||
| 单 册: | ||
| 中图分类: | TQ920.1 | |
| 科图分类: | ||
| 主题词: | 工业发酵--微生物学--高等学校--教材 | |
| 电子资源: | ||
| ISBN: | 978-7-5019-6446-8 | |
| 000 | 01071nam0 2200289 450 | |
| 001 | 0400001255 | |
| 005 | 20171025142741.89 | |
| 010 | @a978-7-5019-6446-8@dCNY30.00 | |
| 100 | @a20080927d2015 em y0chiy50 ea | |
| 101 | 0 | @achi |
| 102 | @aCN@b110000 | |
| 105 | @aak a 000yy | |
| 106 | @ar | |
| 200 | 1 | @a生化工程@9Sheng Hua Gong Cheng@f主编伦世仪 |
| 205 | @a第2版 | |
| 210 | @a北京@c中国轻工业出版社@d2015.1 | |
| 215 | @a260页@c图@d26cm | |
| 312 | @a英文并列题名取自于封面 | |
| 320 | @a有书目 | |
| 330 | @a本书为“高等学校专业教材”中的一本。全书共分十章,主要介绍了培养基灭菌,空气除菌,通气与搅拌,发酵罐的比拟放大,固定化酶、固定化细胞,典型发酵过程动力学及模型,发酵过程参数的在线测量及仪表,微生物生化反应过程的质量和能量衡算,发酵过程的计算机在线控制以及发酵工程下游技术。 | |
| 333 | @a高校教材 高等学校专业教材。 | |
| 510 | @aBiochemical engineering@zeng | |
| 606 | 0 | @a工业发酵@x微生物学@x高等学校@j教材 |
| 690 | @aTQ920.1@v4 | |
| 701 | 0 | @a伦世仪@9Lun Shi Yi@4主编 |
| 801 | 0 | @aCN@b91MARC@c20171015 |
| 905 | @b1020664-8@dTQ920.1@f5@e36=2 | |
| 生化工程/主编伦世仪.-第2版.-北京:中国轻工业出版社,2015.1 |
| 260页:图;26cm |
| 使用对象:高校教材 高等学校专业教材。.-←并列题名:Biochemical engineering |
| ISBN 978-7-5019-6446-8:CNY30.00 |
| 本书为“高等学校专业教材”中的一本。全书共分十章,主要介绍了培养基灭菌,空气除菌,通气与搅拌,发酵罐的比拟放大,固定化酶、固定化细胞,典型发酵过程动力学及模型,发酵过程参数的在线测量及仪表,微生物生化反应过程的质量和能量衡算,发酵过程的计算机在线控制以及发酵工程下游技术。 |
| ● |
| 相关链接 |
|
|
|
|
正题名:生化工程
索取号:TQ920.1/36=2
 
预约/预借
| 序号 | 登录号 | 条形码 | 馆藏地/架位号 | 状态 | 备注 |
| 1 | 1020664 | 210206640 | 第二样本阅览室/ [索取号:TQ920.1/36=2] | 在馆 | |
| 2 | 1020665 | 210206659 | 第三借阅区/ [索取号:TQ920.1/36=2] | 在馆 | |
| 3 | 1020666 | 210206668 | 密集书库-化学系/ [索取号:TQ920.1/36=2] | 在馆 | |
| 4 | 1020667 | 210206677 | 第三借阅区/ [索取号:TQ920.1/36=2] | 在馆 | |
| 5 | 1020668 | 210206686 | 第三借阅区/ [索取号:TQ920.1/36=2] | 在馆 |